000 00649cam a2200193 4500
001 WB3545-31
008 000000n1999 000 0 eng u
035 _a(Sirsi) u102221
245 _aTax change puts stately homes at risk
260 _c1999
490 _aTimes
_v15 November 1999, 9(1)
520 _aGovernment has withdrawn a tax concession for owners of stately homes, which may mean they have to sell. This could lead to important historic houses and parks being withdrawn from public view.
590 _aWB
650 _aSTATELY HOMES
650 _aHISTORIC HOUSES
650 _aTAX CONCESSIONS
690 _aTAXATION
942 _n0
999 _c61271
_d61271